[Event "Championnat fermé de l'Outaouais (Réserve)"]
[Site "Gatineau"]
[Date "2016.05.10"]
[Round "5"]
[White "Clermont, Yves"]
[Black "Danilov, Alex"]
[Result "0-1"]
[BlackElo "1763"]
[WhiteElo "1179"]

1.e4 c5 2.Nf3 e6 3.Bb5 a6 4.Ba4 $4 b5 5.d3 bxa4 6.a3 Qc7 7.O-O Bd6 8.Bg5 h6
9.Bh4 g5 10.Bg3 Nc6 11.Nc3 Bb7 $2 12.Nxa4 Bxg3 13.fxg3 Ne5 $2 14.Qd2 $2 Nxf3+
15.Rxf3 Ne7 $2 16.Qc3 O-O-O $2 17.Rxf7 Ng6 18.Raf1 $2 Ne5 19.Rg7 c4 20.Qd4
Kb8 21.Nc5 cxd3 22.Nxe6 $2 dxe6 23.Rxc7 Rxd4 24.Rc5 dxc2 25.Rxc2 Bxe4 26.Re2
0-1

[Event "Championnat fermé de l'Outaouais (Réserve)"]
[Site "Gatineau"]
[Date "2016.05.10"]
[Round "5"]
[White "Éthier, Valori"]
[Black "Berthiaume, Serge"]
[Result "0-1"]
[BlackElo "1462"]
[WhiteElo "1363"]

1.f4 Nc6 2.Nf3 Nf6 3.b3 d5 4.Bb2 Bg4 5.e3 d4 6.Bb5 ( 
{ Pourquoi ne pas prendre } 6.exd4 { qui semble parfaitement jouable ici. } )
6...dxe3 7.O-O Qd5 8.Qe2 O-O-O 9.dxe3 e6 10.Nc3 Bxf3 11.Rxf3 Qc5
{ J'avoue ne pas avoir compris grand chose à l'ouverture. } 12.g3 a6 13.Bd3
h5 14.h4 Ng4 15.Ne4 Qe7 16.Bxa6
{ Gagne un pion sans compensation. Les Blancs ont certainement l'avantage
ici. } 16...Na7 17.Bd3 e5 18.Raf1 $2 ( 18.f5 $16 ) 18...f5 $1 19.fxe5 fxe4
20.Rf7 $4 Qc5 ( 20...exd3 { est expéditif. } ) 21.Bd4 Rxd4 $4 ( 21...exd3 $1
22.cxd3 Rxd4 23.exd4 Qxd4+ 24.Kh1 Bc5 ) 22.exd4 Qxd4+ 23.Kg2 $4 ( 23.Kh1 $10
Bc5 24.Qxe4 Qxe4+ 25.Bxe4 Nxe5 26.Rxg7 ) 23...Ne3+ 24.Kh3 Nxf1 25.Bc4 Qxe5
26.Qxf1 Bd6 27.Qf2 Nc6 28.Rf5 Qc3 29.Be6+ Kb8 30.Rg5 Rf8 31.Rf5 Rf6 ( 
31...Rxf5 32.Bxf5 Qf3 33.Qxf3 exf3 { et les Blancs peuvent abandonner. } )
32.Qg1 e3 33.Rxh5 Rxe6 34.Rh8+ Ka7 35.Rh5 b6 36.Rd5 e2 37.Rd3 e1=Q 38.Qxe1
Qxe1 39.Kg2 Re3 0-1

[Event "Championnat fermé de l'Outaouais"]
[Site "Gatineau"]
[Date "2016.05.10"]
[Round "5"]
[White "Rose, Richard M."]
[Black "Gagnon, Fabien"]
[Result "1-0"]
[BlackElo "2000"]
[WhiteElo "1931"]

1.e4 c5 2.Nf3 e6 3.d4 cxd4 4.Nxd4 a6 5.c4 g6 6.Bd2 Bg7 7.Bc3 Nf6 8.Bd3 O-O
9.O-O d5 10.e5 Ne4 11.Bxe4 dxe4 12.f4 exf3 13.Nxf3 Nc6 14.Nbd2 b5 15.cxb5
axb5 16.a3 b4 17.axb4 Rxa1 18.Qxa1 Nxb4 19.Qa7 Nc6 20.Qa4 Qd5 21.Nc4 Bb7
22.Nd6 Bc8 23.Qf4 Ba6 24.Ra1 Be2 25.Ne4 Bxf3 26.Nf6+ Bxf6 27.exf6 g5 28.Qxf3
Qxf3 29.gxf3 Rc8 30.Kf2 Kf8 31.Kg3 Ke8 32.Kg4 Kd7 33.Kxg5 Rg8+ 34.Kh6 e5
35.h4 Rg6+ 36.Kxh7 Rxf6 37.Rf1 Rf4 38.h5 Ke6 39.h6 Ne7 40.Bd2 Rd4 41.Be3 Rd8
42.Bc5 Nf5 43.Ra1 Kf6 44.Ra7 Rd3 45.Bf8 Rd8 46.Bg7+ Ke6 47.Ra6+ Nd6 48.Rb6
Rc8 49.Ra6 Rb8 50.Ra5 Nb5 51.Ra6+ Nd6 52.Ra5 Nb5 53.Bf8 Nc7 54.Ra7 Nb5
55.Ra6+ Kf5 56.Kg8 Nc7 57.Rc6 Ne6 58.Rxe6 1-0

[Event "Championnat fermé de l'Outaouais"]
[Site "Gatineau"]
[Date "2016.05.10"]
[Round "5"]
[White "Scantland, Patrick"]
[Black "Akrib, Fouad"]
[Result "1/2-1/2"]
[BlackELO "1967"]
[BlackElo "1967"]
[WhiteELO "1788"]
[WhiteElo "1788"]

1.d4 Nf6 2.Nf3 e6 3.c4 c5 4.Nc3 cxd4 5.Nxd4 Bb4 6.Bd2 Nc6 7.e3 O-O 8.Be2 d6
9.O-O e5 10.Nxc6 bxc6 11.a3 Ba5 12.Qc2 d5 13.b4 Bc7 14.cxd5 cxd5 15.Rac1 Be6
16.Rfd1 d4 17.exd4 exd4 18.Ne4 Nxe4 19.Qxc7 Bb3 20.Qf4 Bxd1 21.Rxd1 Nxd2
22.Rxd2 Qb6 23.Rxd4 Rad8 24.Rc4 Qa6 25.Qf3 Rd1+ 26.Bxd1 Qxc4 27.g3 Re8 28.Kg2
Qe4 29.b5 Qxf3+ 30.Kxf3 Re1 31.Bc2 Rc1 32.Bd3 Rc3 33.Ke4 Rxa3 34.h4 Kf8 35.f4
Ke7 36.h5 h6 37.g4 f6 38.Kd4 Kd6 39.Ke4 Kc5 40.Be2 Rb3 41.Kf5 Rxb5 42.Bxb5
Kxb5 43.Kg6 a5 44.Kxg7 a4 45.Kxh6 a3 46.g5 fxg5 47.fxg5 a2 48.g6 a1=Q 49.g7
Qf6+ 50.Kh7 Qf5+ 51.Kh6 Qf7 52.g8=Q 1/2-1/2

[Event "Championnat fermé de l'Outaouais"]
[Site "Gatineau"]
[Date "2016.05.10"]
[Round "5"]
[White "Desjardins, Michel"]
[Black "Raymond, Daniel"]
[Result "1/2-1/2"]
[BlackElo "1757"]
[WhiteElo "1909"]

1.e4 c6 2.d4 d5 3.exd5 cxd5 4.Bd3 Nf6 5.c3 Nc6 6.Bf4 Bg4 7.Qb3 Na5 8.Qa4+ Bd7
9.Qc2 Rc8 10.Nd2 Nc6 11.a3 Nxd4 12.Qd1 Nc6 13.Ngf3 Bg4 14.Qb3 Na5 15.Qa4+ Bd7
16.Bb5 a6 17.Bxd7+ Nxd7 18.O-O e6 19.Rfe1 Be7 20.Rad1 b5 21.Qc2 Nc6 22.Nb3
O-O 23.Bg3 Nc5 24.Nbd4 Nxd4 25.Rxd4 Bf6 26.Rdd1 Qb6 27.Be5 Nd7 28.Bd4 Bxd4
29.Nxd4 Rfe8 30.Nf3 f6 31.Qd3 Nc5 32.Qd4 Na4 33.Qd2 Qc7 34.Nd4 Qd7 35.f4 Nb6
36.Re2 e5 37.fxe5 fxe5 38.Nf3 e4 39.Nd4 Nc4 40.Qg5 Re5 41.Qg3 Rce8 42.Rf1 e3
1/2-1/2

[Event "Championnat fermé de l'Outaouais"]
[Site "Gatineau"]
[Date "2016.05.10"]
[Round "5"]
[White "Arsenault, Michel"]
[Black "Libersan, Mattieu"]
[Result "0-1"]
[BlackElo "2006"]
[WhiteElo "1851"]

1.c4 Nf6 2.g3 g6 3.Bg2 Bg7 4.e4 d6 5.Nc3 O-O 6.Nge2 e5 7.O-O Nc6 8.f4 exf4
9.gxf4 Nh5 10.d4 Bg4 11.Be3 Qd7 12.Qd2 Rae8 13.e5 Ne7 14.Rae1 Nf5 15.h3 Nxe3
16.Qxe3 Bf5 17.Kh2 c6 18.Bf3 f6 19.Bxh5 gxh5 20.e6 Qxe6 21.Qxe6+ Bxe6 22.d5
cxd5 23.cxd5 Bf7 24.Nd4 Bh6 25.Ne4 Bxd5 26.Nxf6+ Rxf6 27.Rxe8+ Kf7 28.Rc8
Bxf4+ 29.Rxf4 Rxf4 30.Nb5 h4 31.Nc3 Bc6 32.Rh8 Kg7 33.Rd8 Rf2+ ( 33...Rf1
{ gagne immédiatement. } ) 34.Kg1 Rg2+ 35.Kf1 Rg3 36.Rxd6 Rxh3 37.Rd4 Rh1+
38.Kf2 h3 39.Kg3 h2 40.Rd2 Kg6 41.b4 Rc1 0-1

[Event "Championnat fermé de l'Outaouais (Réserve)"]
[Site "Gatineau"]
[Date "2016.05.17"]
[Round "6"]
[White "Thibault, Mario"]
[Black "Lecorre, Joël"]
[Result "1-0"]
[BlackElo "1584"]
[WhiteElo "1767"]

1.e4 e5 2.Nf3 Nc6 3.d4 exd4 4.Bc4 Be7 5.c3 Nf6 6.e5 Ne4 7.Bd5 Nc5 8.cxd4 Ne6
9.O-O d6 10.Bxc6+ bxc6 11.Qc2 Bb7 12.Rd1 O-O 13.Nc3 Ng5 14.Nxg5 Bxg5 15.f4
Bh6 16.f5 Qh4 17.Bxh6 Qxh6 18.Qf2 Rfe8 19.Re1 Kh8 20.Re3 dxe5 21.dxe5 Qg5
22.Rae1 ( 22.Ne4 $1 Qe7 23.f6 Qxe5 24.fxg7+ Qxg7 25.Rg3 $18 ) 22...Bc8 23.Rf3
Bd7 24.Ne4 Qd8 25.f6 Rxe5 26.fxg7+ Kxg7 27.Rxf7+ Kh8 28.Nf6 Rxe1+ 29.Qxe1
Qxf6 30.Rxf6 1-0

[Event "Championnat fermé de l'Outaouais (Réserve)"]
[Site "Gatineau"]
[Date "2016.05.17"]
[Round "6"]
[White "Danilov, Alex"]
[Black "Jobin, Gilles G."]
[Result "1/2-1/2"]
[BlackElo "1773"]
[WhiteElo "1763"]

1.Nf3 d6 2.c4 e5 3.Nc3 Nf6 4.e3 Be7 5.b3 Bg4 6.h3 Bh5 7.d3 O-O 8.Bb2 c5 9.Be2
h6 10.g4 Bg6 11.Nh4 Nh7 12.Nxg6 fxg6 13.Bf3 Bh4 14.Bd5+ Kh8 15.O-O Nc6 16.Bg2
Ng5 17.f4 exf4 18.exf4 Ne6 19.Ne2 Bf6 20.Bxf6 Qxf6 21.f5 gxf5 22.Rxf5 Qe7
23.Qd2 Rxf5 24.gxf5 Ned4 25.Nf4 Ne5 26.Rf1 Nxf5 27.Ng6+ Nxg6 28.Rxf5 Nh4
29.Rf2 Nxg2 30.Kxg2 Re8 31.Qf4 Kg8 32.Qf3 Rf8 $2 ( 
{ Avant de jouer ce coup stupide, j'avais réfléchi longuement à } 32...Qg5+
33.Kf1 { mais je n'avais pas vu que } ( 33.Qg3 Qxg3+ 34.Kxg3 Re3+ $19 )
33...Re5 $1 { gagne probablement. } ) 33.Qd5+ Rf7 34.Rxf7 Qxf7 35.Qxd6 b6
36.a3 Qb7+ 37.Kg3 Qa6 38.a4 Qc8 39.h4 Kf7 40.h5 Qe6 41.Qc7+ Qe7 42.Qf4+ Qf6
43.Qc7+ 1/2-1/2

[Event "Championnat fermé de l'Outaouais (Réserve)"]
[Site "Gatineau"]
[Date "2016.05.17"]
[Round "6"]
[White "Séguin, Hubert"]
[Black "Berthiaume, Serge"]
[Result "0-1"]
[BlackElo "1462"]
[WhiteElo "1555"]

1.e4 g6 2.d4 Bg7 3.f4 c5 4.d5 d6 5.c4 f5 6.exf5 Bxf5 7.Nc3 Nh6 8.Nf3 Bg4
9.Be2 Bxf3 10.Bxf3 Bd4 11.Qe2 Nf5 12.g4 Nh4 13.Be3 Nxf3+ 14.Qxf3 Bxc3+
15.bxc3 Qa5 16.Bd2 Qa4 17.Qe4 Qd7 18.h3 Na6 19.O-O O-O-O 20.f5 Rhg8 21.fxg6
Rxg6 22.Rf7 Rdg8 23.Kh2 R8g7 24.Raf1 Kc7 25.Bh6 Rxf7 26.Rxf7 Kb6 27.Rxe7 Qa4
28.Qb1+ Ka5 29.Rxb7 Qxc4 30.Rxh7 $4 Qe2+ ( 30...Rxh6 $1 31.Rxh6 Qf4+ 32.Kg2
Qxh6 ) 31.Kg3 Rf6
{ Stockfish indique que les Blancs ont un avantage décisif ici. } ( 
31...Rxh6 $3 ) 32.Bf4 Qc4 33.Qc1 $4
{ et le vent vient de tourner. Il fallait jouer le coup pas très évident :
} ( 33.Bd2 $3 ) 33...Qd3+ 34.Qe3 Qxh7 35.c4 Qc2 36.g5 Rf8 37.Bxd6 Rc8 $6
38.Qf4 $4 ( 38.Qa3+ $10 ) 38...Qxa2 39.h4 Qb3+ 40.Kg4 Qd1+ 41.Kf5 Qd3+ 42.Ke6
Qe2+ 43.Be5 Re8+ 44.Kd6 Kb6 45.Qf6 Ka5 ( 45...Qg4 $3 ) 46.g6 Qg4 $1 47.g7 Qc8
48.Qf7 Rd8+ ( 48...Qd8+ 49.Qd7 Qb8+ 50.Qc7+ Qxc7# ) 49.Ke7 Rd7+ 50.Kf6 Rxf7+
51.Kxf7 Qf5+ 52.Bf6 Qh7 53.d6 ( 53.Kf8 Nb8 $3 ) 53...Nb8 54.Ke7 Kb4 55.Kf8
Nd7+ 56.Ke7 Nxf6 57.Kxf6 Qxh4+ 58.Kf7 Qxc4+ 59.Kf8 Qd5 60.g8=Q Qxd6+ 61.Kf7
Qd5+ 0-1

[Event "Championnat fermé de l'Outaouais (Réserve)"]
[Site "Gatineau"]
[Date "2016.05.17"]
[Round "6"]
[White "Clermont, Yves"]
[Black "Arcand, Pierre"]
[Result "0-1"]
[BlackElo "1114"]
[EventDate "2016.05.17"]
[WhiteElo "1179"]

1.e4 e5 2.Bc4 Nf6 3.d3 Be7 4.Nf3 Nc6 5.O-O O-O 6.Nc3 d6 7.Bg5 Bg4 8.a3 Nd4
9.Kh1 Nxf3 10.gxf3 Bh3 11.Rg1 Nh5 12.Bh6 c6 13.f4 Nxf4 14.Rxg7+ Kh8 15.Qg1
Rg8 16.Bxf7 Bg2+ 17.Rxg2 $4 ( 17.Qxg2 $1 Nxg2 18.Rxg8+ Qxg8 19.Bxg8 Rxg8
20.Rg1 $16 ) 17...Rxg2 18.Qd1 Bg5 $19 19.d4 Bxh6 20.dxe5 dxe5 21.Qf3 Qh4
22.h3 Rxf2 23.Qe3 Nxh3 24.Qc5 Nf4+ 25.Kg1 Qh2# 0-1

[Event "Championnat fermé de l'Outaouais (Réserve)"]
[Site "Gatineau"]
[Date "2016.05.17"]
[Round "6"]
[White "Piché, Guy"]
[Black "Éthier, Valori"]
[Result "1-0"]
[BlackElo "1363"]
[WhiteElo "1695"]

1.f4 e5 2.fxe5 d6 3.exd6 Bxd6 4.Nf3 Nf6 5.g3 Ng4 6.Bg2 Nxh2 7.Nxh2 Bxg3+
8.Kf1 Qh4 9.Nf3 Qf6 10.Nc3 Bg4 11.Ne4 Qf4 12.d3 Qf5 13.Nxg3 Qf6 14.e4 h6
15.Nh5 Bxh5 16.Rxh5 Nc6 17.Kg1 O-O-O 18.Rf5 Qe7 19.Rh5 Kb8 20.Be3 Rd6 21.Bc5
Qf6 22.Bxd6 Qxd6 23.c3 Rd8 24.Rd5 Qg3 25.Rxd8+ Nxd8 26.Qe1 Ne6 27.Qxg3 1-0

[Event "Championnat fermé de l'Outaouais"]
[Site "Gatineau"]
[Date "2016.05.17"]
[Round "6"]
[White "Akrib, Fouad"]
[Black "Rose, Richard M."]
[Result "0-1"]
[BlackElo "1931"]
[WhiteElo "1967"]

1.d4 Nf6 2.Bg5 d5 3.Nd2 h6 4.Bxf6 exf6 5.e3 c6 6.c4 Be6 7.c5 Be7 8.Bd3 Nd7
9.Ne2 f5 10.Nf4 Nf6 11.Qc2 Qd7 12.Nf3 O-O 13.h4 Ng4 14.Nh5 b6 15.Ng3 g6 16.b4
bxc5 17.bxc5 Qc7 18.Bxf5 Nxe3 19.Qd3 Nxf5 20.Ne5 Bxc5 21.h5 Bxd4 22.Ng4 Qa5+
23.Ke2 Qb5 24.Nxf5 Qxd3+ 25.Kxd3 gxf5 26.Nxh6+ Kh7 27.Kxd4 Kxh6 28.f4 Rab8
29.Rab1 Rb6 30.Rb3 Rfb8 31.Rhb1 Rxb3 32.axb3 Rb5 33.Ke5 c5 34.g4 fxg4 35.f5
Bc8 36.Rc1 Kxh5 37.Rh1+ Kg5 38.Rh8 Bxf5 39.Kxd5 Rxb3 40.Kxc5 g3 0-1

[Event "Championnat fermé de l'Outaouais"]
[Site "Gatineau"]
[Date "2016.05.17"]
[Round "6"]
[White "Raymond, Daniel"]
[Black "Gagnon, Fabien"]
[Result "1/2-1/2"]
[BlackElo "2000"]
[WhiteElo "1757"]

1.e4 c5 2.Nf3 Nc6 3.Nc3 g6 4.d4 cxd4 5.Nxd4 Bg7 6.Be3 Nf6 7.Be2 O-O 8.O-O d5
9.Bf3 dxe4 10.Nxc6 bxc6 11.Nxe4 Qa5 12.c3 Rd8 13.Qc1 Nd5 14.Bh6 Rb8 15.Bxg7
Kxg7 16.c4 Nc7 17.b3 Ne6 18.Qc3+ Qxc3 19.Nxc3 Nd4 20.Bd1 Rb7 21.f4 Bf5 22.Rc1
h5 23.Ne2 Nxe2+ 24.Bxe2 Rd2 25.Bf3 Rxa2 26.Ra1 Rxa1 27.Rxa1 Bd7 28.Ra6 Rc7
29.b4 e6 30.Kf2 Kf6 31.Ke3 Ke7 32.Kd4 c5+ 33.bxc5 Bc8 34.Ra5 Rd7+ 1/2-1/2

[Event "Championnat fermé de l'Outaouais"]
[Site "Gatineau"]
[Date "2016.05.17"]
[Round "6"]
[White "Desjardins, Michel"]
[Black "Arsenault, Michel"]
[Result "0-1"]
[BlackElo "1851"]
[WhiteElo "1909"]

1.e4 c5 2.c3 Nf6 3.e5 Nd5 4.Nf3 e6 5.d4 cxd4 6.cxd4 d6 7.Bc4 Nb6 8.Bd3 Nc6
9.O-O dxe5 10.dxe5 Be7 11.Nc3 Nb4 12.Be4 a6 13.Qb3 Qc7 14.a3 Nc6 15.Be3 Nd7
16.Rac1 Ndxe5 17.Nxe5 Qxe5 18.Qb6 O-O 19.Bxc6 bxc6 20.Qxc6 Rb8 21.Rc2 Bb7 ( 
21...Bd6 22.g3 Bb7 $19 23.Qa4 Qf5 24.f4 Bc6 25.Qxc6 Qxc2 26.Qxd6 Rxb2 )
22.Qc4 Rbc8 23.Qd4 Qf5 24.Rfc1 Qg6 25.g3 Qh5 26.f4 Qf3 27.Qb6 Rfd8 28.Ne2
Qg2# 0-1

[Event "Championnat fermé de l'Outaouais"]
[Site "Gatineau"]
[Date "2016.05.17"]
[Round "6"]
[White "Libersan, Mattieu"]
[Black "Scantland, Patrick"]
[Result "1-0"]
[BlackElo "1788"]
[WhiteElo "2006"]

1.e4 c5 2.Nf3 d6 3.d4 cxd4 4.Nxd4 Nf6 5.Nc3 a6 6.Bg5 Qc7 7.f4 e6 8.Qf3 Be7
9.O-O-O Nbd7 10.g4 b5 11.Bxf6 Nxf6 12.g5 Nd7 13.Bd3 Bb7 14.Qg4 Nc5 15.f5 e5
16.Nb3 b4 17.Ne2 Nxd3+ 18.Rxd3 Rc8 19.Rd2 a5 20.f6 a4 21.fxe7 axb3 22.axb3
Qxe7 23.Rhd1 Rc6 24.Ng3 g6 25.Rf1 Bc8 26.Qf3 Be6 27.Qf6 Qxf6 28.Rxf6 Ke7
29.Rd3 Rhc8 30.Rf2 Ra6 31.Nf1 Ra2 32.Ne3 Rca8 33.Nd5+ Bxd5 34.Rxd5 Ra1+
35.Kd2 R8a6 36.Rb5 Ra7 37.Rxb4 Rg1 38.h4 Rg4 39.Ra4 Rb7 40.Rh2 d5 41.exd5
Rxa4 42.bxa4 Rxb2 43.Kc3 Rb7 44.Kd3 Rb4 45.c4 Rxa4 46.Rf2 Ra1 47.c5 Rd1+
48.Rd2 Rh1 49.Ra2 Rxh4 50.Ra7+ Ke8 51.d6 Rd4+ 52.Kc3 Rd5 53.Kc4 Rd4+ 54.Kb5
Kf8 55.Kc6 e4 56.Ra8+ 1-0

[Event "Championnat fermé de l'Outaouais (Réserve)"]
[Site "Gatineau"]
[Date "2016.05.21"]
[Round "7"]
[White "Lecorre, Joël"]
[Black "Piché, Guy"]
[Result "0-1"]
[BlackElo "1695"]
[EventDate "2016.05.21"]
[WhiteElo "1584"]

1.e4 d6 2.d4 Nd7 3.Nf3 Ngf6 4.Bd3 e5 5.c3 Be7 6.O-O O-O 7.h3 c6 8.Re1 Qc7
9.d5 b6 10.c4 Bb7 11.Nc3 a6 12.a4 Nc5 13.Bc2 Rac8 14.Be3 cxd5 15.cxd5 h6
16.Rc1 Qb8 17.g4 Nh7 18.h4 Rc7 19.Qd2 Qc8 20.Nh2 Bxh4 21.Bxh6 gxh6 22.Qxh6
Bg5 23.Qh3 Bxc1 24.Rxc1 Qd8 25.Nf3 Ng5 26.Nxg5 Qxg5 27.Re1 Kg7 28.f4 Qxf4
29.Rf1 Qh6 30.Qg3 Rh8 31.Kg2 Qh4 0-1

[Event "Championnat fermé de l'Outaouais (Réserve)"]
[Site "Gatineau"]
[Date "2016.05.21"]
[Round "7"]
[White "Séguin, Hubert"]
[Black "Légaré, Gilles"]
[Result "1-0"]
[BlackElo "1016"]
[WhiteElo "1555"]

1.e4 c5 2.Nf3 Nc6 3.d4 d6 4.Be3 cxd4 5.Nxd4 Nxd4 6.Bxd4 e5 7.Be3 Nf6 8.Nc3 a6
9.Bc4 Be7 10.a4 O-O 11.O-O Ng4 12.Qd2 Nxe3 13.Qxe3 Bg5 14.Qe2 Kh8 15.Rad1 f5
16.b3 f4 17.Nd5 Bh4 18.Rd3 Qg5 19.h3 Bxh3 20.Rxh3 Qg4 21.Qxg4 1-0

[Event "Championnat fermé de l'Outaouais (Réserve)"]
[Site "Gatineau"]
[Date "2016.05.21"]
[Round "7"]
[White "Éthier, Valori"]
[Black "Clermont, Yves"]
[Result "1-0"]
[BlackElo "1179"]
[WhiteElo "1363"]

1.e4 e5 2.Nf3 Nc6 3.Bb5 Nf6 4.d3 Bc5 5.Bxc6 dxc6 6.Nxe5 Qd4 7.Qe2 Qxe5 8.Nd2
Bg4 9.f3 Bh5 10.Nc4 Qe7 11.Bf4 O-O-O 12.O-O-O Nd7 13.d4 g5 14.Bg3 Bb6 15.Rd3
f5 16.e5 Qe6 17.b3 g4 18.f4 Bf7 19.Rhd1 Qh6 20.Qd2 Bxc4 21.bxc4 Rhg8 22.c5
Nxc5 23.dxc5 Rxd3 24.Qxd3 Bxc5 1-0

[Event "Championnat fermé de l'Outaouais"]
[Site "Gatineau"]
[Date "2016.05.21"]
[Round "7"]
[White "Rose, Richard M."]
[Black "Libersan, Mattieu"]
[Result "1/2-1/2"]
[BlackElo "2006"]
[WhiteElo "1931"]

1.e4 c5 2.Nf3 Nc6 3.d4 cxd4 4.Nxd4 Nf6 5.Nc3 e5 6.Ndb5 d6 7.Bg5 a6 8.Na3 b5
9.Nd5 Be7 10.Bxf6 Bxf6 11.c4 b4 12.Nc2 a5 13.Be2 Bg5 14.Bg4 O-O 15.h4 Bh6
16.Qf3 Ne7 17.Nce3 Bxe3 18.Nxe3 Bxg4 19.Qxg4 f5 20.exf5 Qc8 21.Rd1 Nxf5
22.Nxf5 Rxf5 23.Rxd6 Qf8 24.Rd2 Re8 25.O-O Rf4 26.Qg3 Rxc4 27.Rfd1 1/2-1/2

[Event "Championnat fermé de l'Outaouais"]
[Site "Gatineau"]
[Date "2016.05.21"]
[Round "7"]
[White "Scantland, Patrick"]
[Black "Desjardins, Michel"]
[Result "0-1"]
[BlackElo "1909"]
[EventDate "2016.05.21"]
[WhiteElo "1788"]

1.d4 d5 2.Nf3 Nf6 3.c4 c6 4.Nc3 a6 5.e3 b5 6.cxb5 cxb5 7.Bd3 Bg4 8.h3 Bxf3
9.Qxf3 Nc6 10.Bd2 e6 11.Rc1 Rc8 12.O-O Be7 13.a3 O-O 14.b4 Qd7 15.Rc2 Bxb4
16.Nb1 Bxd2 17.Nxd2 Na5 18.Rfc1 Rxc2 19.Rxc2 Rc8 20.Qd1 Rxc2 21.Qxc2 Qc6
22.Qxc6 Nxc6 23.Nb3 Nd7 24.Kf1 g6 25.e4 Kf8 26.e5 Ke7 27.f4 Kd8 28.Ke2 Kc7
29.Kd2 Kb6 30.Kc3 Na5 31.g4 Nc4 32.Bxc4 dxc4 33.Na1 Ka5 34.Nc2 Ka4 35.Kb2 a5
36.Ne3 Nb6 37.f5 b4 38.axb4 axb4 39.d5 c3+ 40.Kb1 exd5 41.e6 fxe6 42.fxe6 Nc8
43.Nxd5 Ka3 44.e7 Nd6 45.Ne3 b3 46.h4 c2+ 47.Nxc2+ bxc2+ 48.Kxc2 Kb4 49.Kd3
Kc5 50.Ke3 Kd5 51.Kf4 Ke6 52.h5 Kxe7 53.hxg6 hxg6 54.Kg5 Kf7 55.Kh6 Kf6
56.Kh7 Kg5 57.Kg7 Ne8+ 58.Kf7 Nf6 0-1

[Event "Championnat fermé de l'Outaouais"]
[Site "Gatineau"]
[Date "2016.05.21"]
[Round "7"]
[White "Gagnon, Fabien"]
[Black "Akrib, Fouad"]
[Result "1/2-1/2"]
[BlackElo "1967"]
[WhiteElo "2000"]

1.c4 e5 2.d3 Nc6 3.g3 d6 4.Bg2 g6 5.Nc3 Bg7 6.Nf3 Nf6 7.O-O O-O 8.h3 Bd7
9.Rb1 Rb8 10.a3 a6 11.b4 Ne7 12.Bb2 1/2-1/2

[Event "Championnat fermé de l'Outaouais (Réserve)"]
[Site "Gatineau"]
[Date "2016.05.21"]
[Round "7"]
[White "Jobin, Gilles G."]
[Black "Arcand, Pierre"]
[Result "1-0"]
[BlackElo "1114"]
[WhiteElo "1773"]

1.e4 e5 2.Nf3 Nc6 3.d4 exd4 4.Nxd4 Nxd4 5.Qxd4 d6 6.Nc3 Qf6 7.Qa4+ c6 8.Be3
a6 9.Nd5 Qd8 ( 9...Qxb2 10.Bd4 b5 11.Nc7+ Kd8 12.Qa5 ) 10.Bb6 Qd7 11.Nc7+ Ke7
12.Nxa8 c5 13.Qxd7+ Bxd7 14.Nc7 Nf6 15.Nd5+ Nxd5 16.exd5 g6 17.O-O-O Bg7
18.Re1+ Be5 19.f4 f6 20.fxe5 fxe5 21.Bc4 Rf8 22.Rhf1 Ra8 23.Rf2 Bb5 24.Bxb5
axb5 25.Ref1 Rxa2 26.Rf7+ Ke8 27.Rf8+ Ke7 28.R1f7# 1-0

[Event "Championnat fermé de l'Outaouais (Réserve)"]
[Site "Gatineau"]
[Date "2016.05.21"]
[Round "7"]
[White "Berthiaume, Serge"]
[Black "Thibault, Mario"]
[Result "0-1"]
[BlackElo "1767"]
[EventDate "2016.05.21"]
[WhiteElo "1462"]

1.d4 Nf6 2.Nf3 e6 3.c4 Bb4+ 4.Bd2 Qe7 5.c5 Bxd2+ 6.Nbxd2 b6 7.b4 Bb7 8.Qc2 d6
9.Qa4+ Bc6 10.b5 Bxf3 11.Nxf3 dxc5 12.e3 cxd4 13.Nxd4 O-O 14.Nc6 Nxc6 15.bxc6
Qc5 16.Qc4 Qa5+ 17.Ke2 Rfd8 18.Rd1 Rxd1 19.Kxd1 Rd8+ 20.Ke2 Rd2+ 21.Kf3 Qh5+
22.g4 Qh4 23.Be2 Qh3+ 24.Kf4 Qg2 25.Bf3 Rxf2 26.Qe2 Qxg4+ 27.Ke5 Qf5+ 28.Kd4
Rxe2 29.Bxe2 Qe4+ 0-1

[Event "Championnat fermé de l'Outaouais"]
[Site "Gatineau"]
[Date "2016.05.21"]
[Round "7"]
[White "Arsenault, Michel"]
[Black "Raymond, Daniel"]
[Result "1-0"]
[BlackElo "1757"]
[WhiteElo "1851"]

1.c4 Nf6 2.g3 e5 3.Bg2 d5 4.cxd5 Nxd5 5.Nc3 Nb6 6.Nf3 Nc6 7.d3 Be7 8.O-O O-O
9.a3 Be6 10.b4 a6 11.Rb1 Nd5 12.Bb2 Nxc3 13.Bxc3 Bf6 14.Nd2 Qd7 15.Ne4 Be7
16.Qd2 f6 17.Rfc1 b6 18.Ba1 Bd5 19.Qc2 Rac8 20.b5 axb5 21.Rxb5 Nd4 22.Rxd5
Qe6 23.Bxd4 c6 24.Rd6 Bxd6 25.Nxd6 exd4 26.Nxc8 Rxc8 27.Bxc6 Rb8 28.Qc4 Qxc4
29.Rxc4 Kf8 30.Rxd4 h5 31.a4 g6 32.Rb4 Ke7 33.a5 Kd6 34.Ba4 Kc5 35.Rc4+ Kd5
36.axb6 Rxb6 37.e4+ Kd6 38.Rc6+ Rxc6 39.Bxc6 Kxc6 40.d4 Kd6 41.f4 Ke6 42.Kf2
Kd6 43.Ke3 Ke6 44.d5+ 1-0